SUSTAINING our green heritage

Bibliographic Details
Corporate Author: MALAYSIA
Format: Book
Published: Kuala Lumpur : Forestry Department Peninsular Malaysia , 2001
Subjects:

MARC

LEADER 00000cam a2200000 7i4500
001 0000001686
005 20040326.0
020 0 0 |a 9839269143 
090 0 0 |a JPSM 634.909595   |b SUS 2001 
245 0 0 |a SUSTAINING our green heritage 
260 0 0 |a Kuala Lumpur :   |b Forestry Department Peninsular Malaysia ,   |c 2001 
300 |a 152 p. :   |b col. ill. ;   |c 30 cm. 
650 0 0 |a Forests and forestry   |z Malaysia   |x Centennial celebrations 
710 1 1 |a MALAYSIA ,   |c Jabatan Perhutanan Semenanjung Malaysia 
998 |a JPSM 
999 |a 0000002586   |b Monograph   |c Open Shelf   |e Default branch 
999 |a 0000002587   |b Monograph   |c Open Shelf   |e Default branch 
999 |a 0000002588   |b Monograph   |c Open Shelf   |e Default branch 
999 |a 0000002590   |b Monograph   |c Open Shelf   |e Default branch 
999 |a 0000002726   |b Monograph   |c Open Shelf   |e Default branch 
999 |a 0000002727   |b Monograph   |c Open Shelf   |e Default branch 
999 |a 0000002728   |b Monograph   |c Open Shelf   |e Default branch 
999 |a 0000002729   |b Monograph   |c Open Shelf   |e Default branch 
999 |a 0000002730   |b Monograph   |c Open Shelf   |e Default branch